[Event "Politiken zt"]
[Site "Munkebo"]
[Date "1998.09.15"]
[Round "2.7"]
[White "Wedberg, Tom Birger"]
[Black "Danielsen, Henrik"]
[Result "1-0"]
[WhiteElo "2475"]
[BlackElo "2510"]
[Annotator "Wedberg,T"]
[PlyCount "61"]
[EventDate "1998.09.10"]
[EventType "k.o."]
[EventRounds "5"]
[EventCountry "DEN"]
[SourceTitle "CBM 067"]
[Source "ChessBase"]
[SourceDate "1998.11.30"]
[SourceVersion "2"]
[SourceVersionDate "1998.11.01"]
[SourceQuality "1"]

{This is a blitz game with the time limit: White 4 minutes and Black 5 minutes.
For every move the players got an extra 10 seconds. The winner wins the match.
In case of a draw another game with the same conditions would be played.} 1. e4
g6 2. d4 Bg7 3. Nc3 d6 4. Nf3 Nf6 5. Be2 O-O 6. O-O c6 7. Re1 Nbd7 8. Bf4 Qa5
9. Nd2 Qc7 10. Bg3 b5 11. a3 e5 12. d5 a6 13. dxc6 Qxc6 14. Nf1 Bb7 15. Bf3 Nb6
16. Ne3 Rac8 17. Bh4 Nc4 18. Ned5 Nxd5 $2 (18... Nxb2 $1 19. Qc1 Nxd5 20. Nxd5
Qxc2 21. Ne7+ Kh8 22. Nxc8 Rxc8 23. Qxc2 Rxc2 24. Ra2 Bh6 25. Be7 Rd2 26. Bxd6
Rxd6 27. Rxb2 $14) 19. Nxd5 $18 Kh8 20. Ne7 Qc5 21. Nxc8 Rxc8 22. b3 Nb6 23.
Be7 Bf8 24. Bxf8 Rxf8 25. Qd2 Kg7 26. Rad1 Rd8 27. Re3 Qxa3 28. Rd3 Nc8 29. Qc3
d5 30. Qxe5+ Kg8 31. Qc7 1-0

[Event "Reggio Emilia 9798 40th"]
[Site "Reggio Emilia"]
[Date "1997.12.28"]
[Round "3"]
[White "Mantovani, Renzo"]
[Black "Sarno, Spartaco"]
[Result "1/2-1/2"]
[WhiteElo "2375"]
[BlackElo "2400"]
[Annotator "Yudasin,L"]
[PlyCount "39"]
[EventDate "1997.12.26"]
[EventType "tourn"]
[EventRounds "11"]
[EventCountry "ITA"]
[EventCategory "10"]
[SourceTitle "CBM 063"]
[Source "ChessBase"]
[SourceDate "1998.03.26"]
[SourceVersion "1"]
[SourceVersionDate "1998.03.26"]
[SourceQuality "1"]

1. e4 d6 2. d4 Nf6 3. Nc3 g6 4. Nf3 Bg7 5. Be2 O-O 6. O-O Bg4 7. Be3 Nc6 8. Qd2
(8. h3 $5 Bxf3 9. Bxf3 e5 10. Ne2 (10. dxe5 dxe5 11. Qxd8 Raxd8 12. Ne2 $10) (
10. d5 $1) 10... d5 11. exd5 Nxd5 $10) 8... e5 9. d5 (9. dxe5 dxe5 10. Rad1 Re8
11. Rc1 Qc8 $13) 9... Ne7 10. h3 Bd7 (10... Bxf3 11. Bxf3 $14) 11. Nh2 (11.
Rad1 c6 $2 12. dxc6 Bxc6 13. Qxd6 Nxe4 (13... Qxd6 14. Rxd6 Nxe4 15. Rxc6 $16)
(13... Qxd6 14. Rxd6 Bxe4 15. Rxf6) 14. Nxe4 Bxe4 15. Qb4 $18) 11... c6 $1 12.
Ng4 (12. dxc6 Bxc6 13. Rad1 Nxe4 14. Nxe4 Bxe4 15. Qxd6 Qxd6 16. Rxd6 Bxc2 17.
Rd7 Nf5 $17) 12... cxd5 13. Nxf6+ Bxf6 14. Nxd5 Nxd5 15. Qxd5 Bc6 16. Qd3 d5 (
16... Qe7 17. Rfd1 Rfd8 18. c4 Bg5 $10) 17. exd5 Qxd5 18. Qxd5 Bxd5 19. c4 Be6
(19... Bc6 20. b4 b6 21. a4 $36) 20. Rac1 {20...e4 21.b4 Be5/\f5= Yudasin} (20.
Bf3 Bxc4 21. Rfc1 (21. Bxb7 Rab8 22. Rfc1 Bxa2 23. Rxa2 Rxb7 $15) 21... Ba6 22.
Rc7 e4 23. Bxe4 Bxb2 24. Rb1 Be5 25. Re7 Bf6 26. Rd7 Rad8 27. Rxd8 Rxd8 28.
Bxb7 Bxb7 29. Rxb7 a6 30. Rb6 Rd1+ 31. Kh2 Rd6 32. Rxd6 Be5+ $10) 1/2-1/2

[Event "EU-Cup 13th final"]
[Site "Kazan"]
[Date "1997.12.28"]
[Round "1"]
[White "Rublevsky, Sergei"]
[Black "Minasian, Artashes"]
[Result "1/2-1/2"]
[WhiteElo "2650"]
[BlackElo "2545"]
[Annotator "Yudasin,L"]
[PlyCount "77"]
[EventDate "1997.12.28"]
[EventType "team-k.o."]
[EventRounds "4"]
[EventCountry "RUS"]
[SourceTitle "EXT 2020"]
[Source "ChessBase"]
[SourceDate "2019.10.17"]
[SourceVersion "1"]
[SourceVersionDate "2019.10.17"]
[SourceQuality "1"]
[WhiteTeam "Kazan Sberbank-Tatarstan"]
[BlackTeam "Yerevan"]
[WhiteTeamCountry "RUS"]
[BlackTeamCountry "ARM"]

1. e4 g6 2. d4 Bg7 3. Nc3 c6 4. Bc4 d6 (4... e6 5. e5 d5 6. exd6 Qxd6 7. Ne4)
5. Nf3 Nf6 6. e5 (6. Bb3) 6... Nd5 $1 7. Bxd5 (7. exd6 Nxc3 8. bxc3 Qxd6 $10) (
7. Nxd5 cxd5 8. Bxd5 $4 Qa5+) 7... cxd5 8. Bf4 (8. Nxd5 Qa5+ 9. Nc3 dxe5 10.
dxe5 Nc6) 8... Bg4 9. exd6 e6 10. h3 (10. Be5 O-O {/\NC6,QB6=}) 10... Bxf3 11.
Qxf3 Nc6 12. Ne2 Nxd4 13. Nxd4 Bxd4 14. O-O O-O 15. c3 (15. c4 dxc4 16. Rad1 e5
17. Bh6 Qxd6 $13 (17... Re8 18. Qd5 Re6 19. d7 Re7 20. Rxd4 exd4 21. Qxd4 f6
22. Rd1 $13)) (15. Rad1 Qf6) 15... Bg7 (15... Bc5 16. Qg3 a5 17. b4 axb4 18.
cxb4 Bxb4 19. Rab1 Ra3 $1 $17) 16. c4 (16. Rad1 Qb6 {/\Rfd8,Bf8}) 16... e5 17.
Bd2 (17. Bg3 Qxd6 18. Qxd5 Qxd5 19. cxd5 Rfd8 20. Rfd1 f5 $15) 17... Qxd6 18.
cxd5 Rfd8 19. Bg5 $1 f6 20. Be3 Qxd5 21. Qxd5+ Rxd5 22. Rfd1 Rxd1+ (22... Rb5
23. b3 a5 24. Rac1 {/\Rc7,Rd7}) (22... Rad8 23. Rxd5 Rxd5 24. Rc1 {/\Rc7,Ba7})
23. Rxd1 f5 24. Rd7 b6 25. g3 Bf6 (25... f4 26. gxf4 exf4 27. Bxf4 Bxb2 28. Rb7
Bd4 29. Bb8 a5 30. Bc7 Rc8 31. Bxb6 Bxb6 32. Rxb6 Rc2 33. Rb8+ Kg7 34. Rb7+ Kh6
35. Kg2 Rxa2 36. h4 {/\Ra7,Kg3,f3=}) 26. h4 h5 $6 (26... f4 $15) 27. b4 $1 {
/\b5,a4-a5-Ba7} Kf8 28. b5 a6 (28... f4 29. gxf4 exf4 30. Bxf4 Bxh4 31. Rb7 {
/\Rb8,Ba7,a4-a5,b6=}) 29. a4 $10 axb5 30. axb5 Ra1+ 31. Kg2 Rb1 32. Rd6 Kf7 33.
Rxb6 Rb2 {/\f4 33.gf4ef4 34Bf4Bd4-} 34. Rb8 Be7 35. b6 Bd6 36. Rd8 Ke6 37. Rg8
Kf7 38. Rd8 Ke6 39. Rg8 1/2-1/2

[Event "FIDE-Wch k.o."]
[Site "Groningen"]
[Date "1997.12.15"]
[Round "3.2"]
[White "Rublevsky, Sergei"]
[Black "Beliavsky, Alexander G"]
[Result "1/2-1/2"]
[WhiteElo "2650"]
[BlackElo "2710"]
[Annotator "Yudasin,L"]
[PlyCount "37"]
[EventDate "1997.12.09"]
[EventType "k.o."]
[EventRounds "7"]
[EventCountry "NED"]
[SourceTitle "CBM 063"]
[Source "ChessBase"]
[SourceDate "1998.03.26"]
[SourceVersion "1"]
[SourceVersionDate "1998.03.26"]
[SourceQuality "1"]

1. e4 d6 2. d4 Nf6 3. Nc3 g6 4. Nf3 Bg7 5. Bc4 Nc6 (5... c6 6. Bb3 O-O 7. O-O
d5 8. e5 Ne8 {[%cal Ge8c7,Yf7f6] /\Nc7f6=} (8... Ne4 9. Nxe4 dxe4 10. Ng5 c5
11. dxc5)) 6. d5 (6. h3 $5) 6... Nb8 7. h3 c6 8. Bb3 (8. O-O b5) 8... O-O 9.
O-O b6 $5 (9... Nbd7 10. Be3 Qc7) 10. Bg5 Bb7 11. Re1 Nbd7 $10 12. dxc6 Bxc6
13. Nd5 h6 14. Bh4 e6 (14... a5 15. a4 b5 $132) (14... Rc8) 15. Nxf6+ (15. Nb4
Bb7 16. Qxd6 g5 17. Bg3 Nxe4) 15... Nxf6 16. Nd4 Bb7 17. Nb5 (17. Bxe6 fxe6 18.
Nxe6 Qe7 19. Nxf8 Rxf8 20. f3 Qe5 21. c3 Nh5 $36) 17... g5 18. Nxd6 Bxe4 19.
Nxe4 {..Ne4.20.Re4 Qd1.21.Rd1 gh4.22.Rh4 Rfd8=,19...gh4=} (19. Bxg5 hxg5 20.
Nxe4 Nxe4 21. Rxe4 Bxb2 $10) 1/2-1/2

[Event "New York op"]
[Site "New York"]
[Date "1998.03.20"]
[Round "7"]
[White "Blatny, Pavel"]
[Black "Ehlvest, Jaan"]
[Result "0-1"]
[WhiteElo "2560"]
[BlackElo "2610"]
[Annotator "Yudasin,L"]
[PlyCount "85"]
[EventDate "1998.03.16"]
[EventType "swiss"]
[EventRounds "9"]
[EventCountry "USA"]
[SourceTitle "CBM 064"]
[Source "ChessBase"]
[SourceDate "1998.06.02"]
[SourceVersion "1"]
[SourceVersionDate "1998.06.02"]
[SourceQuality "1"]

1. Nf3 g6 2. e4 d6 3. d4 Nf6 4. Nc3 Bg7 5. Be2 O-O 6. O-O Nc6 7. h3 (7. d5 $5)
7... e5 8. dxe5 dxe5 9. Be3 b6 $5 $146 {><c5} (9... Qe7 $5 10. Nd2 $5 (10. Nd5
$6 Nxd5 11. Qxd5 (11. exd5 $6 Rd8 12. c4 e4 13. Nd4 Nxd4 14. Bxd4 c6 15. Bxg7
Kxg7 16. Qd4+ Qf6 17. Qxe4 Bf5 18. Qf4 cxd5 19. cxd5 Rxd5 $15 {Vaculik,
M-Lechtynsky,J/Lilie Open, Litomysl CZE 1997/1/2-1/2 (67)}) 11... Rd8 12. Qc5
Qxc5 13. Bxc5 b6 14. Be3 Bb7 15. c3 Ne7 16. Nd2 h6 17. Bc4 Rd7 {1/2-1/2
Keitlinghaus,L-Chernin,A/Feldbach op 1997}) (10. Bg5 $5 Be6 11. Nd5 Bxd5 12.
exd5 Rad8 13. c4 h6 14. Be3 e4 15. Nd2 Ne5 16. Qc2 $14 {0-1 Durao,J-Gurieli,N/
Helsinki op 1992 (35)}) 10... Nd4 11. Bc4 c6 12. Ne2 b5 13. Bd3 Ne6 14. a4 Rd8
15. Qb1 Nh5 $2 (15... b4 $5) 16. axb5 cxb5 17. Bxb5 Nhf4 18. Rd1 Qg5 19. Ng3
Nd4 20. Bf1 $16 {1-0 Kiselev,S-Tal,M/URS-ch58 1991 (36)}) (9... a6 $6 10. Qxd8
Rxd8 11. Rfd1 Re8 12. Rd2 Be6 13. Rad1 Rad8 14. Ng5 Rxd2 15. Rxd2 h6 16. Nxe6
Rxe6 17. f3 $14 {Dischinger,F-Witulski,G/Mainz op 1989/1-0 (46)}) (9... Be6 $5
10. Qxd8 Rfxd8 11. Rfd1 $6 (11. Ng5 $5) 11... Nb4 12. Rdc1 Nh5 13. a3 Nc6 14.
Rd1 Nd4 $15 {0-1 Sabitov,O-Asanov,B/Asia-chT 1993 (28)}) 10. Bd3 (10. Qe1 $5 {
[%csl Rd8][%cal Ga1d1] /\Rad1}) 10... Bb7 $11 11. a3 {[%csl Yb4,Yd3][%cal
Ga3b4]} h6 $5 {><g5,/\Qe7,Rad8} 12. Ne2 $6 (12. Qd2 $5 Kh7 13. Rad1 $13) (12.
Qc1 $5 Kh7 13. Rd1 $13) 12... Qe7 13. Qc1 (13. Qd2 $142) 13... Kh7 14. g4 $2
$15 {[%csl Rf4] ><f4} Rad8 15. Ng3 Nd7 $5 {[%csl Rd4,Rf4][%cal Gd7c5,Gc5e6,
Ge6d4,Ge6f4]} (15... Nd4 $5) 16. g5 $6 (16. Rd1 $142) 16... Nd4 {[%csl Rf3,Rg5]
} 17. Nxd4 exd4 18. gxh6 (18. Bf4 $5 hxg5 19. Bxg5 f6 20. Bd2 Qe6 21. Kh2 Nc5
$15) 18... Bf6 $1 (18... dxe3 19. hxg7 exf2+ 20. Rxf2 Kxg7 21. Rg2 (21. Nf5+ $2
gxf5 22. Rg2+ Kh7 23. Qf4 Qf6 $19) 21... Kh7 $15) 19. Bd2 (19. Bf4 $5 c5 $36)
19... Bh4 20. Kh2 (20. Bf4 $142 c5 21. Qd2 $15) 20... Nc5 21. Bb4 $2 (21. Qd1
$142 $5 {[%cal Gd1h5]}) 21... a5 22. Bxc5 Qxc5 23. b4 $6 (23. Qd2 $5 $15) 23...
Qe7 $6 (23... axb4 24. axb4 Qxb4 25. Ra7 Rb8 26. Qf4 Qe7 {[%csl Rh6][%cal
Gh4g5]}) 24. Qe1 $6 {><h6} (24. bxa5 $5 bxa5 25. Qd2 $13) 24... axb4 25. axb4
Ra8 {[%csl Rb4][%cal Ga8a1]} 26. b5 Kxh6 $17 27. Rxa8 Rxa8 28. Rg1 (28. f4 $5)
28... Kh7 (28... Qe5 $5 {[%csl Yf4][%cal Re5h2,Gh4g5,Rg5c1]}) 29. Qe2 (29. f4
$142) 29... Re8 $6 (29... Bg5 $5 {[%csl Ye5,Yf4][%cal Ge7e5,Gg5f4]}) 30. Qf3
Qf6 31. Nf5 $4 $138 (31. Qxf6 Bxf6 32. f4 $15) 31... Qxf5 $1 (31... gxf5 $4 32.
Qh5+ Qh6 33. Qxf7+ Kh8 34. Qxe8+ Kh7 35. Qg8#) 32. exf5 Bxf3 33. fxg6+ Kg7 $1 (
33... Kh6 $2 34. gxf7 Rf8 35. Rg6+ Kh5 $8 (35... Kh7 36. Rg8+ $18) 36. Rg7 $1
Bg5 (36... Kh6 37. Rg6+ Kh5 $8 38. Rg7 $11) (36... Ra8 $4 37. Rg8 $1 Ra1 38.
Bg6+ $1 {[%csl Gg6,Gg8][%cal Gf7f8,Rf8h6]} Kg5 39. Be4+ $18) (36... Bd5 $2 37.
f4 $1 Rxf7 38. Bg6+ Kh6 39. Bxf7 Kxg7 40. Bxd5 $14) 37. Kg3 Bd5 38. Rh7+ Bh6
39. f4 Bxf7 40. Be2+ Kg6 41. Bd3+ Kh5 $11) 34. gxf7+ Kxf7 35. Bg6+ Kf8 36. Bxe8
Kxe8 $19 37. Ra1 (37. Rg8+ $142 Kf7 $5 38. Rc8 Bxf2 39. Rxc7+ Ke6 $19 {[%csl
Rc2,Gd4,Rh2]}) 37... Ke7 {><b5,c2} 38. Kg1 Bf6 39. Kf1 Kd6 40. Rc1 Bd5 {
[%csl Rb5][%cal Gd5c4]} 41. Rd1 Kc5 42. Ke2 Be4 43. Rc1 (43. Rc1 Kxb5 $19 {
[%csl Rc2][%cal Gb5c4,Gc4c3]}) 0-1

[Event "Reggio Emilia 9798 40th"]
[Site "Reggio Emilia"]
[Date "1997.12.26"]
[Round "1"]
[White "Godena, Michele"]
[Black "Sarno, Spartaco"]
[Result "1/2-1/2"]
[WhiteElo "2515"]
[BlackElo "2400"]
[Annotator "Yudasin,L"]
[PlyCount "51"]
[EventDate "1997.12.26"]
[EventType "tourn"]
[EventRounds "11"]
[EventCountry "ITA"]
[EventCategory "10"]
[SourceTitle "CBM 063"]
[Source "ChessBase"]
[SourceDate "1998.03.26"]
[SourceVersion "1"]
[SourceVersionDate "1998.03.26"]
[SourceQuality "1"]

1. e4 d6 2. Nc3 g6 3. d4 Nf6 4. Nf3 Bg7 5. Be2 O-O 6. O-O c6 7. a4 a5 (7... Qc7
$5) 8. Bf4 Na6 9. e5 (9. Qd2 Nb4 10. Rfe1 Qc7 11. h3 Re8 $13) 9... Ne8 10. Ne4
(10. d5 Nb4 11. dxc6 Nxc6) (10. Re1 Nb4 11. Qd2 Bf5 12. Rac1 Nc7) 10... Nac7
11. c3 (11. Re1 f6 12. c4 Be6 13. Rc1 Bf7 $13) 11... f6 $1 12. exd6 $6 $10 (12.
Re1 fxe5 13. dxe5 d5 14. Ng3 Ne6 15. Be3 $14) 12... exd6 13. Re1 Ne6 14. Bd2 d5
15. Nc5 Nd6 (15... b6 $10) 16. Bd3 Re8 (16... Nxc5 17. dxc5 Nf7 18. Bf4 Bg4 19.
h3 Bxf3 20. Qxf3 Ne5 21. Qe2 $10) 17. Qc2 b6 $1 18. Nxe6 Bxe6 19. Bf4 Qd7 20.
Qb3 Bf8 $1 21. h3 (21. Qxb6 $4 Reb8 22. Qc5 Ne4) 21... Qb7 (21... g5 $5 $132 {
/\h5}) 22. Qc2 Bf5 23. Bxf5 (23. Bxd6 Bxd3 24. Qxd3 Bxd6 25. g3 $10) 23... Nxf5
24. Qd3 Nd6 25. Bxd6 Bxd6 26. Kf1 $10 {Yudasin} 1/2-1/2

[Event "Hoogovens-B"]
[Site "Wijk aan Zee"]
[Date "1998.01.26"]
[Round "6"]
[White "Kuijf, Marinus"]
[Black "Kasimdzhanov, Rustam"]
[Result "0-1"]
[WhiteElo "2460"]
[BlackElo "2565"]
[Annotator "Yudasin,L"]
[PlyCount "79"]
[EventDate "1998.01.20"]
[EventType "tourn"]
[EventRounds "11"]
[EventCountry "NED"]
[EventCategory "10"]
[SourceTitle "CBM 063"]
[Source "ChessBase"]
[SourceDate "1998.03.26"]
[SourceVersion "1"]
[SourceVersionDate "1998.03.26"]
[SourceQuality "1"]

1. e4 g6 2. d4 Bg7 3. Nc3 c6 4. Bc4 d6 (4... d5 5. exd5 b5 6. Bb3 b4 7. Na4
cxd5 $14) 5. Nf3 Nf6 6. O-O (6. Bb3) 6... b5 7. Bb3 (7. Bd3 b4 8. Ne2 Bg4 9.
Ng3 Nbd7 10. h3 Bxf3 11. Qxf3 e5 $10) 7... b4 8. e5 bxc3 (8... dxe5 9. dxe5 (9.
Nxe5 bxc3 10. Nxf7 $146) 9... bxc3 10. Qxd8+ Kxd8 11. exf6 Bxf6 12. Rd1+ Ke8
13. bxc3 Bxc3 14. Rb1 $146) 9. exf6 Bxf6 10. bxc3 O-O 11. Bh6 Bg7 12. Qd2 $10
Nd7 13. Rfe1 Nf6 14. Bxg7 Kxg7 15. Qe3 (15. h3 Bf5 16. Bc4 $10) 15... Re8 16.
Ng5 e6 (16... d5 17. c4 h6 18. Nf3 Be6 $10) 17. c4 (17. Ne4 $10) 17... Ba6 18.
c5 $5 (18. Qc3 Rc8 {/\c5}) 18... d5 (18... dxc5 19. dxc5 Nd5 20. Qg3 {/\Ne4-d6}
) 19. Qf4 (19. Rac1 {/\c4=}) (19. Nf3 Qc7 20. Ne5 Nd7 21. f4 f6 $10) 19... Qb8
20. Qh4 (20. Qxb8 Raxb8 21. c3 Bd3 $15) 20... h6 21. Nf3 Nd7 $15 22. Ba4 $6 (
22. Re3 $15 {/\c3,Qg3}) 22... Qc7 23. Ne5 (23. c3 Bd3 {/\g5}) 23... Nxe5 24.
dxe5 $2 (24. Rxe5 Rab8 $36 (24... f6 25. Re3 e5 $5 $13)) 24... Rab8 (24... Qe7
$2 25. Qf6+ Qxf6 26. exf6+ Kxf6 27. Bxc6) 25. Qf6+ Kg8 26. Qf4 (26. c3 Bb5 27.
Bc2 Qe7 $15) 26... h5 27. Re3 Qa5 28. Bxc6 (28. Rf3 Rf8 29. Qf6 Qxc5 30. Rg3
Rb7) 28... Rf8 29. Rg3 (29. Qd4 Rfc8) 29... Qxc5 30. Ba4 (30. Qf6 Qxc2) 30...
Rb4 31. Qf6 Rg4 32. Rxg4 hxg4 33. Qf4 (33. Bb3 Rb8 34. Rd1 Bc4 35. Qf4 Bxb3 36.
cxb3 Qc2 37. Qd2 Rc8 $17) 33... Rb8 34. Bb3 $8 Rb4 35. Qg5 Re4 $19 36. Qd8+ $6
Qf8 37. Qa5 (37. Qc7 Qg7 (37... Qc8 38. Qd6 (38. Qxa7 Qc3 $19) (38. Qxc8+ $17)
38... Kg7 $17 {/\Qc3}) 38. Qd8+) 37... Qc8 38. Qd2 (38. Re1 Qc7 39. Qd2 Qxe5)
38... Qc7 $19 39. Rb1 Qxe5 40. Qa5 {/\40...Bc4,40...QdP Yudasin} 0-1

[Event "San Francisco Mechanics"]
[Site "San Francisco"]
[Date "1998.07.15"]
[Round "6"]
[White "Fedorowicz, John P"]
[Black "Hodgson, Julian M"]
[Result "1-0"]
[WhiteElo "2495"]
[BlackElo "2575"]
[Annotator "Yudasin,L"]
[PlyCount "101"]
[EventDate "1998.07.10"]
[EventType "tourn"]
[EventRounds "9"]
[EventCountry "USA"]
[EventCategory "10"]
[SourceTitle "CBM 066"]
[Source "ChessBase"]
[SourceDate "1998.09.30"]
[SourceVersion "1"]
[SourceVersionDate "1998.09.30"]
[SourceQuality "1"]

1. e4 g6 2. d4 Bg7 3. Nf3 d6 4. Be2 Nf6 5. Nc3 c5 $6 6. dxc5 (6. d5 O-O 7. h3
Na6 8. O-O Nc7 9. a4 a6 10. Re1 Rb8 $132) (6. Bb5+ Bd7 7. e5 dxe5 8. dxe5 Ng4
9. e6 Bxc3+ 10. bxc3 Bxb5 11. exf7+ Kxf7 12. Ng5+ Ke8 13. Qxg4 Qd7 14. Ne6 Kf7
15. Ng5+ Ke8 16. Qf3 Qf5 $13) 6... Qa5 7. cxd6 (7. O-O Qxc5 8. Be3 Qa5 9. h3
Nc6 $10) 7... Nxe4 8. O-O Nxd6 (8... Nxc3 9. bxc3 Bxc3 10. Rb1 Qxa2 11. dxe7
Nc6 12. Bf4 $44) 9. Bf4 O-O (9... Nc6 10. Bxd6 exd6 11. Qxd6 Bxc3 12. bxc3 Be6
13. Rab1 Rd8 14. Qf4 $16) 10. Nd5 Nc6 $8 (10... Rd8 11. b4 Qa3 12. Nxe7+ Kf8
13. Nxc8) 11. b4 $1 (11. Nxe7+ Nxe7 12. Bxd6 Rd8) 11... Qd8 12. b5 $1 (12. Rb1
e5 13. Bg3 (13. Be3 Nf5 14. Bc5 Re8 {/\e4,Nd4}) 13... Nf5) 12... Nxb5 (12...
Bxa1 13. bxc6 Bg7 14. Nxe7+ (14. c7 Qd7 15. Nxe7+ Qxe7 16. Bxd6 Qd7 (16... Qf6
17. Bxf8 Bxf8 18. Qd8 Kg7 19. Rd1 Be7 20. Bc4 $18) 17. Bc4 h6 18. Qd3 $16)
14... Qxe7 15. Bxd6 Qe6 16. Bxf8 Bxf8 $13) 13. Bxb5 Bxa1 14. Nc7 Qxd1 (14...
Rb8 15. Bxc6 (15. Qxa1 e5 16. Nxe5 Qxc7 17. Nxg6) 15... bxc6 (15... Qxd1 16.
Rxd1 bxc6 17. Rxa1 Rb2 $13) 16. Qxa1) 15. Rxd1 Rb8 16. Rxa1 a6 (16... Bg4 17.
Nd5 Rbd8 18. Bxc6 bxc6 19. Nxe7+ Kg7 20. Nxc6 Rc8 21. Nfd4) (16... e6 17. Nd5
Ra8 18. Bxc6 bxc6 19. Nf6+ Kg7 20. Be5) 17. Nxa6 bxa6 18. Bxc6 Rb2 19. Nd4 $18
Rd8 20. c3 Bb7 (20... f6 21. Be3 (21. Bc1 Rb6 22. Bf3 e5 23. Nb3 Bb7 24. Be3
Rbd6 25. Be2 $18) 21... e5 22. Nb3 Rc2 $132) 21. Bxb7 Rxb7 22. Nb3 $2 (22. Kf1)
22... a5 $1 23. Nxa5 Rbd7 $2 (23... Ra7 24. Nc6 Rxa2 25. Re1 Re2 26. Kf1 Rxe1+
27. Kxe1 Rd7 28. Ke2 $16) 24. g3 Rc8 (24... Rd1+ 25. Rxd1 Rxd1+ 26. Kg2 Ra1 27.
Nc6 Kf8 28. Nb4) 25. Rb1 $6 (25. Nb3 Rxc3 26. Be3 $16) 25... Rd5 26. Nb3 Rxc3
27. Re1 (27. Rb2 $16) 27... g5 (27... Rc2 28. Rxe7 Rxa2 29. Bh6 Ra8 $16) 28.
Be3 f6 (28... Rc2 29. a4 Ra2 $132) 29. Kg2 (29. Re2) 29... Kf7 (29... Rc2 30.
Ra1 Rb2) 30. Re2 h6 (30... h5) 31. g4 Rc4 32. h3 e6 (32... Kg6 {/\h5,e5}) 33.
Rb2 Kg6 34. Nd2 Ra4 35. Nb1 Rd3 36. a3 h5 $1 (36... Ra6 {/\h5}) 37. gxh5+ Kxh5
38. Rb6 f5 $4 (38... Re4 39. Rc6 f5 40. Nc3 Re5 $132 {/\f4,g4}) 39. Rxe6 f4 40.
Bc5 Rc4 (40... f3+ 41. Kg3 Rf4 42. Be3 Rf8 43. Re5) (40... Ra8 41. Bb4 Rb8 42.
Rc6 g4 43. Rc5+ Kh4 44. hxg4 Kxg4 45. Rc4 $18) 41. Bf8 g4 42. Re5+ Kg6 43. hxg4
$18 Rc2 44. Bb4 Rg3+ 45. Kf1 Rh3 (45... Rxg4 46. Nd2) 46. Rh5 $1 Rd3 47. Nd2 f3
(47... Rdxd2 48. Bxd2 Rxd2 49. Rf5 Rd3 (49... Rd4 50. Kg2) 50. Rxf4 Kg5 (50...
Rxa3 51. Kg2 (51. Rf5 Ra4 52. f3 Ra2 53. Re5 $18) 51... Kg5 52. Rf3 Ra4 (52...
Ra1 $1 $13) 53. Kh3 Rxg4 54. Rg3 Rxg3+ 55. Kxg3 $18) 51. Ra4) 48. Kg1 Rc1+ (
48... Rdxd2 49. Bxd2 Rxd2 50. Rf5 Rd3 51. Kh2) 49. Kh2 Rd4 50. Rh4 Rd5 51. Rh3
{51...Kg5 52.Ne4 Qg6 53.Rf3,51...Rd4 52.Nf3 Yudasin} 1-0

[Event "Czerniak Memorial 14th"]
[Site "Tel Aviv"]
[Date "1998.04.10"]
[Round "2"]
[White "Skripchenko, Almira"]
[Black "Bykhovsky, Avigdor"]
[Result "1/2-1/2"]
[WhiteElo "2400"]
[BlackElo "2395"]
[Annotator "Yudasin,L"]
[PlyCount "66"]
[EventDate "1998.04.09"]
[EventType "tourn"]
[EventRounds "9"]
[EventCountry "ISR"]
[EventCategory "9"]
[SourceTitle "CBM 065"]
[Source "ChessBase"]
[SourceDate "1998.08.06"]
[SourceVersion "1"]
[SourceVersionDate "1998.08.06"]
[SourceQuality "1"]

1. e4 d6 2. d4 g6 3. Nf3 Bg7 4. Bc4 Nf6 5. Qe2 O-O (5... e6 6. Nc3 c6 7. O-O d5
8. Bd3 dxe4 9. Nxe4 Nxe4 10. Bxe4 Nd7 11. c3 O-O 12. Rd1 Qc7 $14) 6. Nc3 c6 7.
Bb3 Bg4 (7... d5 $5 8. e5 Ne8 9. h4 h5 10. Be3 Nc7 11. O-O-O Bg4 $13) 8. h3 (8.
Be3 d5 9. e5 Ne4) 8... Bxf3 9. Qxf3 Nbd7 10. Be3 e6 (10... e5 11. O-O-O (11.
O-O b5 12. Rad1 Qc7 $10) 11... b5 $10) 11. a4 (11. O-O Qc7 12. Rad1 b5 13. a3
a6 14. Rfe1 c5 $36) 11... d5 12. exd5 (12. e5 Ne8 13. h4 c5 14. h5 cxd4 15.
hxg6 fxg6 16. Qh3 dxe3 17. Qxe6+ Rf7 18. Bxd5 exf2+ 19. Ke2 Nxe5) (12. O-O dxe4
13. Nxe4 Nxe4 14. Qxe4 Nf6 15. Qf3 Nd5 $10) 12... Nxd5 13. Nxd5 exd5 $10 14. a5
(14. O-O a5 {/\Qb6,Re8,Nf8-e6}) 14... b5 (14... Re8 15. O-O Nf8 16. c3 Ne6 $10)
15. axb6 axb6 16. O-O b5 17. c3 Nb6 18. Rfe1 Re8 (18... Nc4 19. Rxa8 Qxa8 20.
Bc1 Qa1 21. Qe2 h5 22. Bg5 Qxb2 23. Bxc4 Qxc3 24. Bd3 Qxd4 25. Rc1 Qb6 26. Qc2
Rc8 27. Be7 Bf8 28. Bxf8 Kxf8 29. Bxg6 fxg6 30. Qxg6 $13) 19. Bf4 Qd7 (19...
Nc4 20. Rxe8+ Qxe8 21. Rxa8 Qxa8 22. Bxc4 bxc4 23. Qe2 $10) 20. Rxa8 Nxa8 (
20... Rxa8 21. Qe2 Nc4 $10) 21. Rxe8+ Qxe8 22. h4 $1 Nb6 (22... h5 $1 23. g4 (
23. Kf1 Nb6 24. Qe2 Qa8 25. g3) 23... hxg4 24. Qxg4 Nb6 25. h5 gxh5 26. Qxh5
Qe1+ 27. Kg2 Qe4+ 28. Qf3 $10) 23. h5 Nc4 24. Bxc4 bxc4 25. g3 (25. h6 Bf8 26.
Be5 Qe6 27. Qf4 Qf5 28. Qxf5 gxf5 29. Bf4 f6 $15) 25... f6 26. hxg6 hxg6 27.
Kg2 Qe4 28. g4 Kf7 29. Kg3 Bf8 30. g5 $5 (30. Qxe4 dxe4 31. f3 exf3 32. Kxf3
Ke6 33. Ke4 f5+ 34. gxf5+ gxf5+ 35. Kf3 Bd6 36. Bd2 $15) 30... Qxf3+ (30... f5
31. Qd1 Be7 32. f3 Qe6 33. Kf2 $10) 31. Kxf3 f5 32. Ke3 Be7 33. Kd2 Ke6 {
34.Kc2 Bd6 35.Bd6 Kd6 36.b3 c5 37.dc Kc5.38.b4 Kb5 39.f3 d4 40.cd Kb4 41.f4 c3
42.d5 Kc5 43.Kc3 Kd5 44.Kd3 1/2-1/2 Yudasin} 1/2-1/2